000 01256nam0a2200301 4500
001 RU\NLR\bibl\23098
005 20250615015758.0
010 _a5-85859-060-8
_9100
021 _aRU
_b99-4285
_9199
035 _a(NLR Aleph) 000022503
090 _a105147
_c105147
100 _a19990419d1998 |||y0rusy50 ca
101 0 _arus
102 _aRU
105 _aa |||||||||
200 1 _aМетодика ознакомления младших школьников со свойствами бумаги и картона и технологией их обработки
_fС.Ш. Евтых
_gМ-во общ. и проф. образования Рос. Фед., Оренбург. гос. пед. ун-т
210 _aОренбург
_cИзд-во ОГПУ
_d1998
215 _a56 с.
_cил.
_d20
320 _aБиблиогр.: с. 33-34, 42
606 1 _aРучной труд
_xПреподавание
_xНачальная школа
_92185479
_3RU\NLR\auth\661313991
686 _aЧ426.83,01
700 1 _aЕвтых
_bС. Ш.
_gСаида Шумафовна
_4070
801 0 _aRU
_bNLR
_c19990419
_gPSBO
801 1 _aRU
_bNLR
_c19990419
852 _aNLR
_j99-4/888
942 _cBOOK
980 _aNB